Logo BPK

Biblioteka

Politechniki Koszalińskiej

Form and society in modern literature / (Rekord nr 47702)

Szczegóły MARC
000 -ETYKIETA REKORDU
podpole kontrolne o stałej długości 00662nam a2200229 i 4500
001 - NUMER KONTROLNY REKORDU
pole kontrolne bgj
020 ## - MIĘDZYNARODOWY ZNORMALIZOWANY NUMER KSIĄŻKI - ISBN
ISBN 087580134X
040 ## - ŹRÓDŁO KATALOGOWANIA
Instytucja, która utworzyła rekord BPK
041 0# - KOD JĘZYKA
Kod języka tekstu eng
920 ## - Międzynarodowy znormalizowany numer książki – ISBN
ISBN 0-87580-134-X
008 - POLE O STAŁEJ DŁUGOŚCI - DANE KONTROLNE
podpole kontrolne o stałej długości s uk f |000 0 eng
100 1# - NAZWA OSOBOWA
Nazwa osobowa FOSTER, Thomas C.
245 10 - TYTUŁ/ODPOWIEDZIALNOŚĆ
Tytuł Form and society in modern literature /
Pozostałe elementy strefy tytułu i oznaczenia odpowiedzialności Thomas C. Foster.
260 ## - STREFA ADRESU WYDAWNICZEGO
Miejsce wydania DeKalb, Il. :
Nazwa wydawcy/dystrybutora Northern Illinois University Press,
Data publikacji, dystrybucji/powstania dokumentu 1988.
300 ## - STREFA OPISU FIZYCZNEGO
Objętość XI, 203 pp ;
Rozmiary 23 cm.
504 ## - UWAGA DOTYCZĄCA BIBLIOGRAFII
Informacje o bibliografii Bibliography p. [187]-197.
505 ## - SFORMALIZOWANA UWAGA DOTYCZĄCA ZAWARTOŚCI
Pełny tekst uwagi Includes index.
650 #9 - HASŁO PRZEDMIOTOWE W FORMIE NAZWY OGÓLNEJ LUB JEDNOSTKOWEJ
Nazwa ogólna lub geograficzna Literature, Modern
Określnik ogólny History and criticism
650 #9 - HASŁO PRZEDMIOTOWE W FORMIE NAZWY OGÓLNEJ LUB JEDNOSTKOWEJ
Nazwa ogólna lub geograficzna Literary form
650 #9 - HASŁO PRZEDMIOTOWE W FORMIE NAZWY OGÓLNEJ LUB JEDNOSTKOWEJ
Nazwa ogólna lub geograficzna Literature and society
856 ## - LOKALIZACJA I DOSTĘP DO ELEKTRONICZNYCH DOKUMENTÓW ZDALNYCH
Link (URL) http://koha.tu.koszalin.pl/cgi-bin/koha/opac-detail.pl?biblionumber=47702
Tekst linku Katalog online BPK
942 ## - DODATKOWE ELEMENTY (KOHA)
Typ dokumentu Książka
Egzemplarze
Wycofany Status egzemplarza Uszkodzony Dostępność Lokalizacja stała Lokalizacja bieżąca Miejsce przechowywania Sygnatura Kod kreskowy Typ dokumentu
      Dostępny Biblioteka Politechniki Koszalińskiej Biblioteka Politechniki Koszalińskiej Wypożyczalnia Językowa KA 4251 09016170 Książka
© 2023 Biblioteka Politechniki Koszalińskiej :: KOHA